Statistiques concernant Élimination par catégorie - Pokémon n°1

Cliquez ici pour prendre le quiz!

Statistiques générales

  • Ce quiz a été pris 6 347 fois
  • Le résultat moyen est 12 sur 20

Statistiques - réponses

Groupe#Catégorie% Correct
Vert51Pokémon de type Fée...
96%
Vert33... ne pouvant plus ou pas évoluer...
85%
Bleu49Pokémon de type Dragon...
85%
Bleu35...mais avec un double-type...
80%
Rose54Pokémon Légendaire...
78%
Vert8... au troisième stade d'évolution...
76%
Rose33...apparu avant la sixième génération...
76%
Rose25...dont le nom contient un "R"...
74%
Jaune71Pokémon introduit dans la sixième génération...
67%
Jaune58...qui n'est pas de type Fée...
66%
Jaune33...dont le nom ne contient pas de "S"...
63%
Rose2...de type acier...
56%
Bleu11...dont le nom ne contient pas de "A"...
55%
Vert3... pouvant méga-évoluer ou gigamaxer...
49%
Rose1...pouvant apprendre l'attaque "Ebullilave":Heatran
45%
Vert1... et qui est apparu avant la sixième génération:Gardevoir
42%
Jaune4...mais commence par un "B"...
37%
Jaune1...et pouvant apprendre l'attaque "Pied Voltige":Brutalibré
29%
Bleu2...évoluant au-delà du niveau 40...
21%
Bleu1...et introduit dans la cinquième génération:Solochi
19%

Distribution des résultats

Percentile par nombre de réponses

% des personnes avec chaque résultat

Votre développement - résultats

Vous n’avez pas pris ce quiz